000 00611nam a2200193 a 4500
005 20220330083725.0
008 991125s1957 mx 000 0 spa u
035 _aUPN01000058651
049 _aCG
050 4 _aF1233 J8
_bG3.8
100 1 _aGalindo y Villa, Jesús,
_d1867-1937
_928502
245 1 3 _aLa vieja controversia /
_cJesús Galindo y Villa ; glosa y comp. Andrés Henestrosa.
260 _aMéxico :
_bSHCP,
_c1957.
300 _a69 p.
500 _aDisponible en la Colección Medina
600 1 4 _aJUAREZ, BENITO,
_d1806-1872
651 4 _aMEXICO -
_xHISTORIA -
_yHASTA 1810
_913355
905 _aLibro
999 _c58651
_d58651